00593nam a2200169 4500020001900000082001500019100001800034245003100052260004000083300001700123500010500140650001600245700002000261942000700281999001700288952011800305 a0-470-85039-6  a153.93 CAR aPhilip Carter aMore Psychometric Testing  aEnglandbJohn Wiley Sons Ltd c2003 a274p.e21cm. aPsychological Tests, Personality Tests, Intelligence Tests, Self Evaluation Self Report Inventories  aNon-fiction aCarter, Philip  cBK c12343d12343 001040708NFICaCLbCLcGENd2013-10-11eDonationg0.00l0o153.93 CARpSEECSD00967r2021-11-11w2013-12-28yBK